书目信息 |
| 题名: |
水污染控制工程
|
|
| 作者: | 李长波 主编 | |
| 分册: | ||
| 出版信息: | 北京 中国石化出版社 2016.04 |
|
| 页数: | 401页 | |
| 开本: | 26cm | |
| 丛书名: | ||
| 单 册: | ||
| 中图分类: | X520.6 | |
| 科图分类: | ||
| 主题词: | 水污染--污染控制--高等学校--教材 | |
| 电子资源: | ||
| ISBN: | 978-7-5114-3960-4 | |
| 000 | 00924nam0 2200241 450 | |
| 001 | 4218 | |
| 005 | 20181010150623.10 | |
| 010 | @a978-7-5114-3960-4@dCNY48.00 | |
| 100 | @a20160621d2016 em y0chiy50 ea | |
| 101 | 0 | @achi |
| 102 | @aCN@b110000 | |
| 105 | @aa z 000yy | |
| 200 | 1 | @a水污染控制工程@9shui wu ran kong zhi gong cheng@b专著@f李长波主编 |
| 210 | @a北京@c中国石化出版社@d2016.04 | |
| 215 | @a401页@c图@d26cm | |
| 300 | @a普通高等教育“十三五”规划教材 | |
| 307 | @a实际页数为:402 | |
| 330 | @a本书系统阐述了各种常用废水处理技术的原理、工艺和主要设备(或构筑物)的基本结构,主要工艺设计的步骤、内容和设计方法。既反映废水处理的传统方法,又吸收废水处理的新理念和新技术,注重系统性、理论性与实用性,引入工程实例体现石油石化特色。 | |
| 606 | 0 | @a水污染@x污染控制@x高等学校@j教材 |
| 690 | @aX520.6@v5 | |
| 701 | 0 | @a李长波@9li chang bo@4主编 |
| 801 | 0 | @aCN@b91MARC@c20160705 |
| 905 | @aMuseLib@dX520.6@e190 | |
| 水污染控制工程/李长波主编.-北京:中国石化出版社,2016.04 |
| 401页:图;26cm |
| 普通高等教育“十三五”规划教材 |
| ISBN 978-7-5114-3960-4:CNY48.00 |
| 本书系统阐述了各种常用废水处理技术的原理、工艺和主要设备(或构筑物)的基本结构,主要工艺设计的步骤、内容和设计方法。既反映废水处理的传统方法,又吸收废水处理的新理念和新技术,注重系统性、理论性与实用性,引入工程实例体现石油石化特色。 |
| ● |
| 相关链接 |
|
|
|
|
正题名:水污染控制工程
索取号:X520.6/190
 
预约/预借
| 序号 | 登录号 | 条形码 | 馆藏地/架位号 | 状态 | 备注 |
| 1 | 1124097 | 211240977 | 第二样本阅览室/ [索取号:X520.6/190] | 在馆 | |
| 2 | 1124098 | 211240986 | 第三借阅区/ [索取号:X520.6/190] | 在馆 | |
| 3 | 1124099 | 211240995 | 资源管理系资料室/ [索取号:X520.6/190] | 在馆 |